000 00994cac a2200289 i 4500
003 Co-PeBPM
005 20260205112219.0
008 141031e2014III ck a gs 000 f spa d
020 _a9789583003561
040 0 _aCo-PeBPM
_bspa
_cCo-PeBPM
_erda
041 0 _aspa
082 0 4 _a(i) Co863.44 V436h
_222
100 1 _aVélez, Rubén,
_eautor
_912361
245 1 0 _aHip, hipopótamo vagabundo
_c/ Rubén Vélez ; ilustrado por Henry González y Nancy Granada
250 _aPrimera edición
260 _aBogotá, Colombia
_b: Panamericana
_c, 2014
300 _a85 páginas
_b: ilustraciones a color
_c; 20 centímetros
500 _aIncluye índice.
648 1 4 _aSiglo XX
_2LEMB
650 1 4 _aNovela infantil colombiana
_2LEMB
_99380
650 1 4 _aLiteratura infantil colombiana
_2LEMB
_9389
650 1 4 _aAnimales
_2LEMB
_9125656
650 1 4 _aNovela
_2LEMB
700 1 _aGonzález Torres, Henry Javier
_eilustrador
_910805
700 1 _aGranada, Nancy
_eilustradora
_9125657
942 _2ddc
_cBK
999 _c1045
_d1045